1167 1045 1945 1571 1734 1370 1430 1486 1342 1509 1395 1323 1045 1765 1114 1205 1148 1701 1626 1166 1013 1182 1730 1071 1683 1110 1036 1900 1073 1220 1837 1469 1676 1077 1442 1662 1780 1899 1513 1583 1552 1274 1126 1671 1837 1388 1315 1658 1027 1293 1979 1925 1799 1268 1794 1507 1543 1935 1955 1871 1495 1463 1116 1802 1857 1613 1048 1593 1360 1159 1712 1500 1448 1926 1039 1193 1054 1345 1778 1313 1241 1469 1463 1138 1924 1978 1965 1891 1913 1816 1611 1487 1666 1835 1980 1077 1073 1511 1608 BCNSPRNW ULIB Ver.6.0+V

เปลี่ยนเป็นภาษาไทย

Change to English
 แสดงรายละเอียดบรรณานุกรม
  กลับหน้าหลัก

Brief Record : Get Marc (ISO 2709) : E-mail record : QR code < ปิดหน้าต่าง
LEADER : 00000nas 2200000uu 4500
001    13399125915
003     ULIB
008    170927s2560||||th 000 0 tha d
022 0  ^a2673088X
245 00 ^aวารสารศูนย์อนามัยที่ 9/^bกรมอนามัย ศูนย์อนามัยที่ 9 นครราชสีมา^c2560
310    ^aรายสี่เดือน
850 ^a ULIB^bฉบับที่ 12 ปีที่ 28 ฉ.1 ;ฉบับที่ 11 ปีที่ 25 ฉ.1 ;ฉบับที่ 11 ปีที่ 26 ฉ.1 ;ฉบับที่ 12 ปีที่ 27 ฉ.1 ;ฉบับที่ 14 ปีที่ 35 ฉ.1 ;ฉบับที่ 36 ปีที่ 15 ฉ.1
945    ^p0^l0^i905050
945    ^p0^l0^i904648
945    ^p0^l0^i904810
945    ^p0^l0^i904909
945    ^p0^l0^i905653
945    ^p0^l0^i905724
999    ^aประนอม เกษจรัล
รายการนี้ยังไม่มีแท็ก
คุณยังไม่ได้ล็อกอิน คุณสามารถมีกิจกรรมร่วมกับเว็บไซต์ได้ แต่ต้องล็อกอินก่อน ::
  ล็อกอิน

รายการสื่อสารสนเทศ (วารสาร)

ดูแบบ: กล่อง รายการ
ARRIVED
ฉบับที่ 11 ปีที่ 25 ฉ.1
สถานที่: ห้องสมุดวิทยาเขตสวรรค์ประชารักษ์ >หนังสือพิมพ์
ARRIVED
ฉบับที่ 11 ปีที่ 26 ฉ.1
สถานที่: ห้องสมุดวิทยาเขตสวรรค์ประชารักษ์ >วารสาร
ARRIVED
ฉบับที่ 12 ปีที่ 27 ฉ.1
สถานที่: ห้องสมุดวิทยาเขตสวรรค์ประชารักษ์ >วารสาร
ARRIVED
ฉบับที่ 12 ปีที่ 28 ฉ.1
สถานที่: ห้องสมุดวิทยาเขตสวรรค์ประชารักษ์ >วารสาร
ARRIVED
ฉบับที่ 14 ปีที่ 35 ฉ.1
สถานที่: ห้องสมุดวิทยาเขตสวรรค์ประชารักษ์ >วารสาร
ARRIVED
ฉบับที่ 36 ปีที่ 15 ฉ.1
สถานที่: ห้องสมุดวิทยาเขตสวรรค์ประชารักษ์ >วารสาร

BibComment


ยังไม่เคยถูกคอมเมนท์

คอมเมนท์ทรัพยากรรายการนี้
  คอมเมนท์: วารสารศูนย์อนามั..


 Copyright 2026. Bcnsprnw @Library